LEADER 00818nam0-2200289 --450 001 9910251858803321 005 20180130122021.0 010 $a978-88-430-6250-8 020 $aIT$b2012-2759 100 $a20180130d2012----kmuy0itay5050 ba 101 2 $aita$agrc 102 $aIT 105 $a 001yy 200 1 $aFisica$eLibro 3.$fAristotele$gintroduzione, traduzione e commento di Monica Ugaglia 210 $aRoma$cCarocci$d2012 215 $a188 p.$d21 cm 225 1 $aClassici$v16 300 $aTesto originale a fronte 700 0$aAristoteles$04207 702 1$aUgaglia,$bMonica 801 0$aIT$bUNINA$gREICAT$2UNIMARC 901 $aBK 912 $a9910251858803321 952 $aP2B 600 CAR ARISTOT. 444A (3) 2012$bBIBL. 2017$fFLFBC 959 $aFLFBC 996 $aPhysica$920008 997 $aUNINA LEADER 01150nam a2200265 i 4500 001 991000193959707536 008 090423s2008 it 00 ita d 020 $a9788896004005 035 $ab13824831-39ule_inst 040 $aSet. Economia - SAGA$bita 082 04$a657.092 100 1 $aCoronella, Stefano$0479141 245 10$aAgli albori delle ricerche di storia della ragioneria in Italia :$bil contributo degli studiosi del XIX secolo /$cStefano Coronella 260 $aRoma :$bRIREA,$cstampa 2008 300 $a117 p. :$bill. ;$c24 cm 440 0$aQMR : Quaderni monografici Rirea ;$v75 504 $aBibliografia: p. 69-117 650 04$aRagioneria$xStoria$xStudi italiani$ySec. 19 772 0 $tRivista italiana di ragioneria e di economia aziendale.$gN. 1-2 (2009) 907 $a.b13824831$b28-01-14$c23-04-09 912 $a991000193959707536 945 $aLE025 ECO 657 QMR01.01 2009$cV. 75$g1$i2025000225459$lle025$og$pE12.00$q-$rl$s- $t0$u5$v7$w5$x0$y.i1495848x$z23-04-09 996 $aAgli albori delle ricerche di storia della ragioneria in Italia$942215 997 $aUNISALENTO 998 $ale025$b23-04-09$cm$da $e-$fita$git $h0$i0